Reconstructing project management
This hugely informative and wide-ranging analysis on the management of projects, past, present and future, is written both for practitioners and scholars.
Enregistré dans:
| Auteur principal: | |
|---|---|
| Format: | Livre |
| Langue: | Undetermined |
| Publié: |
Chichester, West Sussex, UK
John Wiley & Sons Ltd
2013
|
| Sujets: | |
| Tags: |
Ajouter un tag
Pas de tags, Soyez le premier à ajouter un tag!
|
| Thư viện lưu trữ: | Trung tâm Học liệu Trường Đại học Cần Thơ |
|---|
| LEADER | 00832nam a2200205Ia 4500 | ||
|---|---|---|---|
| 001 | CTU_197072 | ||
| 008 | 210402s9999 xx 000 0 und d | ||
| 020 | |c 1900000 | ||
| 082 | |a 658.404 | ||
| 082 | |b M875 | ||
| 100 | |a Morris, Peter W. G. | ||
| 245 | 0 | |a Reconstructing project management | |
| 245 | 0 | |c Peter W.G. Morris, professor of construction and project management, The Barlett, University College London. | |
| 260 | |a Chichester, West Sussex, UK | ||
| 260 | |b John Wiley & Sons Ltd | ||
| 260 | |c 2013 | ||
| 520 | |a This hugely informative and wide-ranging analysis on the management of projects, past, present and future, is written both for practitioners and scholars. | ||
| 650 | |a Project management,Quản lý dự án | ||
| 904 | |i Lộc, Bằng | ||
| 980 | |a Trung tâm Học liệu Trường Đại học Cần Thơ | ||